Consumer behaviour : (Record no. 165476)

MARC details
000 -LEADER
fixed length control field 00787nam a2200253 a 4500
008 - FIXED-LENGTH DATA ELEMENTS--GENERAL INFORMATION
fixed length control field
020 ## - INTERNATIONAL STANDARD BOOK NUMBER
International Standard Book Number 0137519834 (pbk.)
049 ## - LOCAL HOLDINGS (OCLC)
Holding library MAIN
090 ## - LOCALLY ASSIGNED LC-TYPE CALL NUMBER (OCLC); LOCAL CALL NUMBER (RLIN)
Classification number (OCLC) (R) ; Classification number, CALL (RLIN) (NR) HF5415.33
Local cutter number (OCLC) ; Book number/undivided call number, CALL (RLIN) SOL
003 - CONTROL NUMBER IDENTIFIER
control field
005 - DATE AND TIME OF LATEST TRANSACTION
control field 20230123134418.0
040 ## - CATALOGING SOURCE
Transcribing agency NUST
100 1# - MAIN ENTRY--PERSONAL NAME
Personal name Solomon, Michael.
245 10 - TITLE STATEMENT
Title Consumer behaviour :
Remainder of title a European perspective /
Statement of responsibility, etc. Michael Solomon, Gary Bamossy and Soren Askegaard.
246 3# - VARYING FORM OF TITLE
Title proper/short title Consumer behavior.
260 ## - PUBLICATION, DISTRIBUTION, ETC.
Place of publication, distribution, etc. London :
Name of publisher, distributor, etc. Prentice-Hall Europe,
Date of publication, distribution, etc. 1999.
300 ## - PHYSICAL DESCRIPTION
Extent xviii, 589 p. :
Other physical details ill. (some col.) ;
Dimensions 25 cm.
500 ## - GENERAL NOTE
General note Includes index.
650 #0 - SUBJECT ADDED ENTRY--TOPICAL TERM
Topical term or geographic name entry element Consumer behavior
Geographic subdivision Europe.
700 1# - ADDED ENTRY--PERSONAL NAME
Personal name Bamossy, Gary.
700 1# - ADDED ENTRY--PERSONAL NAME
Personal name Askegaard, Soren.
907 ## - LOCAL DATA ELEMENT G, LDG (RLIN)
a .b10176238
b 23-02-15
c 21-09-05
942 ## - ADDED ENTRY ELEMENTS (KOHA)
Koha item type Ordinary Loan Books
Call number prefix HF5415.33
Call number suffix SOL
Holdings
Date last seen Total Checkouts Full call number Barcode Cost, replacement price Price effective from Koha item type Lost status Source of classification or shelving scheme Damaged status Not for loan Collection Withdrawn status Home library Current library Shelving location Date acquired Cost, normal purchase price
01/23/2023   HF5415.33 SOL 92004005823 80.00 01/23/2023 BOOKS   LCC     NFIC   MAIN MAIN GEN 01/23/2023 80.00